[Event "Rio Gallegos op"]
[Site "Rio Gallegos"]
[Date "2018.09.16"]
[Round "5.3"]
[White "Marginet, Ricardo"]
[Black "Leon, Mario"]
[Result "1-0"]
[WhiteElo "2083"]
[BlackElo "1870"]
[PlyCount "77"]
[EventDate "2018.09.07"]
[EventType "swiss"]
[EventRounds "6"]
[EventCountry "ARG"]
[SourceTitle "EXT 2024"]
[Source "ChessBase"]
[SourceDate "2023.10.10"]
[SourceVersion "1"]
[SourceVersionDate "2023.10.10"]
[SourceQuality "1"]

1. c4 Nc6 2. d4 e6 3. Nf3 d5 4. g3 Nf6 5. Bg2 Be7 6. 0-0 0-0 7. b3 Ne4 8. Bb2 f5 9. Nc3 a6 10. Rc1 Bf6 11. e3 Ne7 12. c5 Qe8 13. Ne2 g5 14. Ne5 Bxe5 15. dxe5 g4 16. Bxe4 dxe4 17. Nf4 Bd7 18. Qc2 Rd8 19. Rfd1 c6 20. Rd6 Nd5 21. Rd1 h5 22. a3 Kg7 23. Qd2 Kh6 24. Nxd5 cxd5 25. Qxd5 Rf7 26. Qd4 Kg5 27. Bc3 h4 28. Ba5 hxg3 29. Bxd8+ Qxd8 30. fxg3 Qc8 31. Rxd7 Rxd7 32. Qxd7 Qxc5 33. Qd4 Qxa3 34. Qc3 Qa2 35. b4 Qe2 36. Qd2 Qb5 37. Qd8+ Kh5 38. Rd7 Qxe5 39. Rh7+ 1-0

[Event "Rio Gallegos op"]
[Site "Rio Gallegos"]
[Date "2018.09.08"]
[Round "2.3"]
[White "Diaz, Walter"]
[Black "Marginet, Ricardo"]
[Result "1-0"]
[WhiteElo "2132"]
[BlackElo "2083"]
[PlyCount "69"]
[EventDate "2018.09.07"]
[EventType "swiss"]
[EventRounds "6"]
[EventCountry "ARG"]
[SourceTitle "EXT 2024"]
[Source "ChessBase"]
[SourceDate "2023.10.10"]
[SourceVersion "1"]
[SourceVersionDate "2023.10.10"]
[SourceQuality "1"]

1. f4 d5 2. Nf3 Nf6 3. e3 c5 4. b3 g6 5. Bb2 Bg7 6. Be2 0-0 7. 0-0 Nc6 8. Ne5 d4 9. Nxc6 bxc6 10. Na3 Be6 11. Bf3 Bd5 12. Qe2 Qd7 13. e4 Nxe4 14. Bxe4 d3 15. Qxd3 Bxb2 16. Nc4 Bd4+ 17. Kh1 Bxc4 18. bxc4 Qc7 19. Rab1 Rfd8 20. Qf3 Rd6 21. Qa3 Bg7 22. d3 f5 23. Bf3 Bd4 24. Rbe1 Rb8 25. c3 Bf6 26. Qxc5 Rxd3 27. Bxc6 Kg7 28. Re6 Rc8 29. Qf2 Rxc3 30. Bd5 Rb8 31. Rfe1 Rd3 32. R6e2 Qa5 33. Rxe7+ Bxe7 34. Rxe7+ Kf8 35. Rf7+ 1-0

[Event "Internet Section 16-B"]
[Site "Dos Hermanas"]
[Date "2003.03.16"]
[Round "1"]
[White "Kretchetov, Alexandre"]
[Black "Marginet, Ricardo"]
[Result "1-0"]
[WhiteElo "2335"]
[BlackElo "2091"]
[PlyCount "99"]
[EventDate "2003.03.16"]
[EventType "swiss (blitz)"]
[EventRounds "9"]
[EventCountry "ESP"]
[SourceTitle "EXT 2004"]
[Source "ChessBase"]
[SourceDate "2003.11.25"]
[SourceVersion "1"]
[SourceVersionDate "2003.11.25"]
[SourceQuality "1"]

1. d4 Nf6 2. c4 c5 3. d5 b5 4. cxb5 a6 5. b6 d6 6. Nc3 Nbd7 7. e4 g6 8. Nf3 Bg7 9. Bf4 0-0 10. Be2 Nxb6 11. h3 Bb7 12. 0-0 Nfd7 13. Qd2 Re8 14. Rfe1 Nf6 15. Rad1 Rb8 16. Bf1 Qc8 17. Bh2 Rd8 18. Qc1 Qd7 19. Nd2 Na4 20. Qc2 Nxc3 21. bxc3 Ne8 22. Nc4 Nc7 23. a4 Ba8 24. Rb1 Ne8 25. Nb6 Qc7 26. a5 Nf6 27. Ra1 Bb7 28. Reb1 Nd7 29. Rb2 Bc8 30. Rab1 c4 31. Nxc4 Rxb2 32. Qxb2 Nc5 33. Qb4 Bd7 34. Nb6 Bb5 35. c4 Bd7 36. Qe1 Bd4 37. Bf4 Be8 38. Be3 Bxe3 39. Qxe3 Rb8 40. Qd4 Bd7 41. f4 Re8 42. Rb2 e6 43. dxe6 Bxe6 44. Rd2 Nb3 45. Qxd6 Qa7 46. Rd1 Nxa5 47. Kh2 Nb7 48. Qc7 Rc8 49. Nxc8 Nc5 50. Qxa7 1-0

[Event "Internet Section 16-B"]
[Site "Dos Hermanas"]
[Date "2003.03.16"]
[Round "2"]
[White "Marginet, Ricardo"]
[Black "Russell, Richard"]
[Result "1-0"]
[WhiteElo "2091"]
[BlackElo "2313"]
[PlyCount "91"]
[EventDate "2003.03.16"]
[EventType "swiss (blitz)"]
[EventRounds "9"]
[EventCountry "ESP"]
[SourceTitle "EXT 2004"]
[Source "ChessBase"]
[SourceDate "2003.11.25"]
[SourceVersion "1"]
[SourceVersionDate "2003.11.25"]
[SourceQuality "1"]

1. c4 e5 2. Nc3 Nc6 3. g3 g6 4. Bg2 Bg7 5. e3 d6 6. Nge2 h5 7. h4 Bg4 8. d3 Nf6 9. d4 0-0 10. d5 Nb8 11. 0-0 a5 12. Qc2 Na6 13. e4 Nc5 14. Be3 Nfd7 15. f3 f5 16. fxg4 fxg4 17. Rxf8+ Qxf8 18. Rf1 Qe7 19. Bg5 Bf6 20. Bxf6 Nxf6 21. Qd2 Nh7 22. Qh6 Nf8 23. Kh2 Ncd7 24. Nd1 Nf6 25. Qg5 Kg7 26. Ne3 Kf7 27. Qh6 Kg8 28. Nd1 a4 29. Ndc3 b6 30. Nc1 Qf7 31. Nd3 N8d7 32. Qg5 Qg7 33. Nb5 Rc8 34. Na7 Rf8 35. Nc6 Kh7 36. a3 Nxe4 37. Bxe4 Rxf1 38. Ne7 Nf8 39. Qxh5+ Qh6 40. Qxg4 Rf6 41. h5 Qd2+ 42. Kh3 Kh6 43. Ng8+ Kg7 44. Nxf6 Kxf6 45. Bxg6 Qh6 46. Qf5+ 1-0

[Event "Torre Blanca-A"]
[Site "Buenos Aires"]
[Date "2002.02.28"]
[Round "11"]
[White "Lida Garcia, Fernando"]
[Black "Marginet, Ricardo"]
[Result "1-0"]
[WhiteElo "2143"]
[BlackElo "2132"]
[PlyCount "105"]
[EventDate "2002.02.05"]
[EventType "tourn"]
[EventRounds "11"]
[EventCountry "ARG"]
[SourceTitle "EXT 2003"]
[Source "ChessBase"]
[SourceDate "2002.11.25"]
[SourceVersion "1"]
[SourceVersionDate "2002.11.25"]
[SourceQuality "1"]

1. Nf3 g6 2. c4 c5 3. Nc3 Bg7 4. g3 Nc6 5. Bg2 Nf6 6. e3 0-0 7. d4 cxd4 8. exd4 d5 9. cxd5 Nxd5 10. h3 Be6 11. 0-0 Qd7 12. Kh2 Nb6 13. Ne5 Nxe5 14. dxe5 Bxe5 15. Qxd7 Bxd7 16. Bxb7 Rab8 17. Ba6 Nc8 18. Rd1 Bc6 19. Bh6 Rxb2 20. Bxf8 Rxf2+ 21. Kg1 Rg2+ 22. Kf1 Kxf8 23. Rd8+ Kg7 24. Rxc8 Rh2 25. Rd1 Bg2+ 26. Kg1 Bxg3 27. Rd3 Bxh3 28. Rxg3 Bxc8 29. Kxh2 Bxa6 30. a4 Bb7 31. Re3 e6 32. a5 g5 33. Nb5 a6 34. Nd6 Bd5 35. Rc3 f5 36. Ne8+ Kg6 37. Nc7 Be4 38. Nxe6 h5 39. Nc5 Bd5 40. Nxa6 g4 41. Nb4 Bb7 42. a6 Bxa6 43. Nxa6 Kg5 44. Nc5 h4 45. Ne6+ Kf6 46. Re3 Kg6 47. Kg2 Kf6 48. Re2 Kg6 49. Re1 Kf6 50. Kf2 Kg6 51. Ke3 g3 52. Kf3 Kf6 53. Rh1 1-0

[Event "Torre Blanca-A"]
[Site "Buenos Aires"]
[Date "2002.02.05"]
[Round "1"]
[White "Marginet, Ricardo"]
[Black "Koch, Juan Enrique"]
[Result "0-1"]
[WhiteElo "2132"]
[BlackElo "2162"]
[PlyCount "60"]
[EventDate "2002.02.05"]
[EventType "tourn"]
[EventRounds "11"]
[EventCountry "ARG"]
[SourceTitle "EXT 2003"]
[Source "ChessBase"]
[SourceDate "2002.11.25"]
[SourceVersion "1"]
[SourceVersionDate "2002.11.25"]
[SourceQuality "1"]

1. c4 e6 2. Nf3 Nf6 3. g3 d5 4. Bg2 Be7 5. 0-0 0-0 6. b3 Nbd7 7. Bb2 c6 8. e3 b6 9. d4 Bb7 10. Nbd2 Rc8 11. Re1 c5 12. cxd5 Bxd5 13. e4 Bb7 14. e5 Nd5 15. Ne4 Ba6 16. dxc5 Nxc5 17. Nxc5 Bxc5 18. a3 h6 19. b4 Be7 20. Nd4 Qd7 21. Qg4 Bd3 22. Red1 Bh7 23. Bh3 Kh8 24. Nxe6 fxe6 25. Qxe6 Qxe6 26. Bxe6 Rc2 27. Rxd5 Rfxf2 28. Bd4 Rg2+ 29. Kf1 Bd3+ 30. Ke1 Rce2+ 0-1

[Event "Mar del Plata op 32nd"]
[Site "Mar del Plata"]
[Date "2001.04.13"]
[Round "7"]
[White "Marginet, Ricardo"]
[Black "Bianchi, Albino Angel"]
[Result "1-0"]
[WhiteElo "2126"]
[BlackElo "2229"]
[PlyCount "107"]
[EventDate "2001.04.07"]
[EventType "swiss"]
[EventRounds "9"]
[EventCountry "ARG"]
[SourceTitle "CBM 081 Extra"]
[Source "ChessBase"]
[SourceDate "2001.05.06"]
[SourceVersion "1"]
[SourceVersionDate "2001.05.06"]
[SourceQuality "1"]

1. c4 g6 2. g3 Bg7 3. Bg2 d6 4. Nf3 Nf6 5. Nc3 0-0 6. 0-0 Nc6 7. d3 e5 8. Rb1 a5 9. h3 Nh5 10. a3 f5 11. Bg5 Qe8 12. Nd5 Rf7 13. b4 axb4 14. axb4 h6 15. Bd2 f4 16. g4 Nf6 17. b5 Nd8 18. Ne1 Be6 19. Bb4 Bxd5 20. cxd5 Bf8 21. Be4 Rg7 22. Nf3 Qd7 23. Nh2 h5 24. f3 Nf7 25. Be1 Ng5 26. Bh4 Nfxe4 27. dxe4 Nxh3+ 28. Kg2 Rh7 29. Rh1 Be7 30. Bxe7 Qxe7 31. b6 cxb6 32. Rxb6 Ng5 33. Qe1 Nf7 34. Qf2 hxg4 35. Nxg4 Rxh1 36. Kxh1 Ra2 37. Rb1 Kg7 38. Rg1 Qd8 39. Kg2 Qc8 40. Rh1 g5 41. Re1 Qc4 42. Kf1 b5 43. Qb6 b4 44. Qb7 b3 45. Qe7 Qc8 46. Qf6+ Kf8 47. Kg2 Qd8 48. Qf5 Kg7 49. Kf2 b2 50. Rh1 Qg8 51. Qf6+ Kf8 52. Rb1 Qh8 53. Qxh8+ Nxh8 54. Nh6 1-0